Detalles MARC
| 000 -LEADER |
| fixed length control field |
02540nam a2200205Ia 4500 |
| 003 - CONTROL NUMBER IDENTIFIER |
| control field |
OSt |
| 005 - DATE AND TIME OF LATEST TRANSACTION |
| control field |
20210805143934.0 |
| 008 - FIXED-LENGTH DATA ELEMENTS--GENERAL INFORMATION |
| fixed length control field |
210310s1984 ck gr 100 0 spa d |
| 040 ## - CATALOGING SOURCE |
| Original cataloging agency |
CO-JMCR |
| Transcribing agency |
CO-JMCR |
| 041 0# - LANGUAGE CODE |
| Language code of text/sound track or separate title |
spa |
| 082 04 - DEWEY DECIMAL CLASSIFICATION NUMBER |
| Classification number |
332.673 / |
| Item number |
F727c |
| Edition number |
23 |
| 111 2# - MAIN ENTRY--MEETING NAME |
| Meeting name or jurisdiction name as entry element |
Foro de inversionistas |
| Number of part/section/meeting |
(1er : |
| Date of meeting or treaty signing |
1984 julio 2-5 : |
| Location of meeting |
Bogotá) |
| 9 (RLIN) |
39112 |
| 245 10 - TITLE STATEMENT |
| Title |
Colombia : |
| Remainder of title |
un país para invertir / |
| Statement of responsibility, etc. |
Foro de inversionistas |
| 260 ## - PUBLICATION, DISTRIBUTION, ETC. |
| Place of publication, distribution, etc. |
Bogotá : |
| Name of publisher, distributor, etc. |
Departamento Nacional de Planeación, |
| Date of publication, distribution, etc. |
1984 |
| 300 ## - PHYSICAL DESCRIPTION |
| Extent |
161 páginas ; |
| Dimensions |
23 cm. |
| 505 0# - FORMATTED CONTENTS NOTE |
| Title |
"Proyección de Colombia en la Economía Internacional". Discurso de instalación a cargo del Señor Presidente de la República, Doctor Belisario Betancur<br/> |
| Statement of responsibility |
Belisario Betancur |
| Title |
"Colombia, un país para invertir". Palabras del Jefe del Departamento Nacional de Planeación / <br/> |
| Statement of responsibility |
Doctor Jorge Ospina Sardi |
| Title |
"Las Naciones Unidas y el Foro de Inversionistas". Palabras del Representante Residente en Colombia del Programa de Naciones Unidas para el Desarrollo / |
| Statement of responsibility |
Luis Thais |
| Title |
"La Política Industrial y el Sector Externo". Presentación a cargo del Señor Ministro de Desarrollo Económico / |
| Statement of responsibility |
Doctor Rodrigo Marín Bernal<br/> |
| Title |
"La Política de Exportaciones". Presentación a cargo del Director del Fondo de Promoción de Exportaciones / <br/> |
| Statement of responsibility |
Doctor Alberto Schlesinger |
| Title |
"Oportunidades de Inversión en el Sector Industrial". Presentación del Presidente de Dirección General de la Asociación Nacional de Industriales ANDI / |
| Statement of responsibility |
Doctor Adolfo Arango |
| Title |
"El Empresario Agrícola frente a la Inversión Extranjera" Presentación del Presidente de la Junta Directiva de la Sociedad de Agricultores de Colombia, SAC / |
| Statement of responsibility |
Doctor Carlos Ossa<br/> |
| Title |
"Líneas de Crédito y Financiamiento en Colombia". Presentación del Presidente de la Corporación Financiera del Norte / <br/><br/><br/><br/> |
| Statement of responsibility |
Doctor Álvaro Jaramillo Vengoechea<br/> |
| Title |
"IFC's Role in Colombia and the other Developing Countries". Palabras del Director del Departamento de Inversiones para América<br/>Latina y el Caribe de la Corporación Financiera Internacional / <br/> |
| Statement of responsibility |
Doctor Giovanni Vacchelli |
| Title |
"El Sector de Minas y Energía en Colombia y las Posibilidades para la Inversión Internacional". Presentación del Señor Ministro de Minas y Energía / |
| Statement of responsibility |
Doctor Carlos Martínez Simahan |
| Title |
"Políticas para la Austeridad y el Porvenir". Presentación del director del Instituto Colombiano de Comercio Exterior / |
| Statement of responsibility |
Doctor Gustavo Tobón Londoño |
| 650 14 - SUBJECT ADDED ENTRY--TOPICAL TERM |
| Topical term or geographic name entry element |
Inversión extranjera |
| 9 (RLIN) |
16749 |
| Geographic subdivision |
Colombia |
| 650 24 - SUBJECT ADDED ENTRY--TOPICAL TERM |
| Topical term or geographic name entry element |
Política económica |
| Geographic subdivision |
Colombia |
| 9 (RLIN) |
39113 |
| 942 ## - ADDED ENTRY ELEMENTS (KOHA) |
| Source of classification or shelving scheme |
Dewey Decimal Classification |
| Koha item type |
Books |